Commercial agency and distribution agreements : Law and practice in the member states of the European Union

Commercial agency, distribution and franchising agreements form the backbone of cross-border commercial activity, and international lawyers are frequently confronted with issues relating to such agreements. This authoritative, practical reference work describes the law of the European Union relating...

Cur síos iomlán

Đã lưu trong:
Sonraí Bibleagrafaíochta
Formáid: Leabhar
Teanga:Undetermined
Foilsithe: The Hague Kluwer Law International 2000
Ábhair:
Clibeanna: Cuir Clib Leis
Gan Chlibeanna, Bí ar an gcéad duine leis an taifead seo a chlibeáil!
Thư viện lưu trữ: Trung tâm Học liệu Trường Đại học Cần Thơ
LEADER 01423nam a2200217Ia 4500
001 CTU_153253
008 210402s9999 xx 000 0 und d
082 |a 343.408 
082 |b C734 
245 0 |a Commercial agency and distribution agreements : 
245 0 |b Law and practice in the member states of the European Union 
245 0 |c volume editors, Geert Bogaert, Ulrich Lohmann 
260 |a The Hague 
260 |b Kluwer Law International 
260 |c 2000 
520 |a Commercial agency, distribution and franchising agreements form the backbone of cross-border commercial activity, and international lawyers are frequently confronted with issues relating to such agreements. This authoritative, practical reference work describes the law of the European Union relating to commercial agency, distribution and franchising, together with a detailed comparative analysis of the legislation and case law of the 15 Member States, Switzerland and Norway 
650 |a Commercial agents,Distributors (Commerce),Franchises (Retail trade),Thương mại,Phân phối thương mại,Quyền kinh doanh 
650 |x Legal status, laws, etc.,Law and legislation,Luật và Pháp chế 
650 |z European Union countries,European Union countries,European countries,Liên minh Châu Âu,Liên minh Châu Âu 
904 |i Bạch Trúc 
980 |a Trung tâm Học liệu Trường Đại học Cần Thơ